书目信息 |
| 题名: |
供热锅炉选型及招标投标指南
|
|
| 作者: | 赵钦新 , 康子晋 , 张蕾 , 郑蕾 编著 | |
| 分册: | ||
| 出版信息: | 北京 中国标准出版社 2004.10 |
|
| 页数: | 302页 | |
| 开本: | 26cm | |
| 丛书名: | ||
| 单 册: | ||
| 中图分类: | TU833-62 | |
| 科图分类: | ||
| 主题词: | 集中供热--锅炉--招标--指南 , 集中供热--锅炉--投标--指南 , 集中供热--锅炉--选型--指南 | |
| 电子资源: | ||
| ISBN: | 7-5066-3523-2 | |
| 000 | 01110nam0 2200301 450 | |
| 001 | 010258488109 | |
| 005 | 20050805100659.92 | |
| 010 | @a7-5066-3523-2@dCNY40.00 | |
| 100 | @a20050727d2004 km y0chiy0120 ea | |
| 101 | 0 | @achi |
| 102 | @aCN@b110000 | |
| 105 | @aa a 000yy | |
| 200 | 1 | @a供热锅炉选型及招标投标指南@Agong re guo lu xuan xing ji zhao biao tou biao zhi nan@f赵钦新 … [等] 编著@Fzhao qin xin…[deng]bian zhu |
| 210 | @a北京@c中国标准出版社@d2004.10 | |
| 215 | @a302页@c图@d26cm | |
| 304 | @a题名页题: 赵钦新, 康子晋, 张蕾, 郑蕾编著。 | |
| 320 | @a有书目 (第 [298] -302页) 。 | |
| 330 | @a本书从技术评价的角度分析了以供热锅炉为主的相关供热源技术原理、应用及选型特点,并结合目前供热锅炉招投标采购方式进行分析。 | |
| 606 | 0 | @a集中供热@x锅炉@x招标@x指南 |
| 606 | 0 | @a集中供热@x锅炉@x投标@x指南 |
| 606 | 0 | @a集中供热@x锅炉@x选型@x指南 |
| 690 | @aTU833-62@v4 | |
| 701 | 0 | @a赵钦新@Azhao qin xin@4编著 |
| 701 | 0 | @a康子晋@Akang zi jin@4编著 |
| 701 | 0 | @a张蕾@Azhang lei@4编著 |
| 701 | 0 | @a郑蕾@Azheng lei@4编著 |
| 801 | 0 | @aCN@bQSSK@c20050805 |
| 905 | @a10447@dTU833-62@eZ317 | |
| 供热锅炉选型及招标投标指南/赵钦新 … [等] 编著.-北京:中国标准出版社,2004.10 |
| 302页:图;26cm |
| ISBN 7-5066-3523-2:CNY40.00 |
| 本书从技术评价的角度分析了以供热锅炉为主的相关供热源技术原理、应用及选型特点,并结合目前供热锅炉招投标采购方式进行分析。 |
| ● |
| 相关链接 |
|
|
|
正题名:供热锅炉选型及招标投标指南
索取号:TU833-62/Z317
 
预约/预借
| 序号 | 登录号 | 条形码 | 馆藏地/架位号 | 状态 | 备注 |
| 1 | 527736 | 205277369 | 建筑库201/201建筑库 52排4列4层/ [索取号:TU833-62/Z317] | 在馆 | |
| 2 | 527737 | 205277378 | 建筑库201/201建筑库 52排4列4层/ [索取号:TU833-62/Z317] | 在馆 |